| 000 | 01446nam a22003737a 4500 | ||
|---|---|---|---|
| 001 | 3526952 | ||
| 003 | OSt | ||
| 005 | 20210426103724.0 | ||
| 008 | 961004s1997 nyua b 001 0 eng | ||
| 010 | _a 96046426 | ||
| 020 | _a0826195105 | ||
| 040 |
_aDLC _cDLC _dDLC _beng |
||
| 041 | _aeng | ||
| 050 | 0 | 0 |
_aHV1568 _b.R435 1997 |
| 080 |
_a615.825 _bM-20 |
||
| 082 | 0 | 0 |
_a362.4/0486 _221 |
| 100 |
_9674 _aMaki, R. Dennis |
||
| 245 | 0 | 0 |
_aRehabilitation counseling : _bprofession and practice / _c/ by: Springer Publishing Company |
| 260 |
_aNew York _bSpringer Publishing Company _cc1997. |
||
| 300 |
_axiii, 377 p. _c24 cm. |
||
| 490 | 1 | _aSpringer series on rehabilitation | |
| 504 | _aIncludes bibliographical references (p. 323-361) and index. | ||
| 650 | 0 |
_aPeople with disabilities _xCounseling of. |
|
| 650 | 0 |
_aPhysical Medicine _9673 |
|
| 650 | 0 |
_aPeople with disabilities _xRehabilitation. |
|
| 653 | _aფიზიკური მედიცინა | ||
| 653 | _aშეზღუდულუ შესაძლებლობების მქონე ადამიანები | ||
| 700 | 1 |
_aMaki, Dennis R. _eEditor |
|
| 700 | 1 |
_aRiggar, T. F. _eEditor |
|
| 830 | 0 | _aSpringer series on rehabilitation (Unnumbered) | |
| 906 |
_a7 _bcbc _corignew _d1 _eocip _f19 _gy-gencatlg |
||
| 942 |
_2udc _cBK |
||
| 999 |
_c915 _d915 |
||